000 00514nam a2200169 i 4500
001 96944
003 ES-MaACL
005 20230906182015.0
007 t|
008 050704s1962 sp ||||1| spa d
100 1 _aMann, G. E.
_976047
245 1 0 _aProducción de híbridos en avicultura /
_cG. E. Mann; traducido del inglés por Luis García García.
260 _aZaragoza :
_bAcribia,
_c1962.
300 _a95 p. ;
_c20 cm.
700 1 _aGarcía García, Luis.
_954666
852 _aES-MaACL
_jC-23515
_bR.52160
999 _c96944
_d96944